| 000 | 00692nam a22002057a 4500 | ||
|---|---|---|---|
| 999 |
_c157662 _d157662 |
||
| 005 | 20180924125724.0 | ||
| 010 | _aENG-124038 | ||
| 020 |
_a9789353061067 _c649.00 |
||
| 035 | _aEN-107570 | ||
| 037 | _bDBAD/PUB | ||
| 082 | _a370.15 | ||
| 100 | _aSlavin, Robert E. | ||
| 245 |
_cby Robert E. Slavin _btheory and practive / _aEducational psychology: |
||
| 250 | _a12th ed. | ||
| 260 |
_aNoida _bPearson _c2018 |
||
| 270 |
_a15th Floor, Tower B, Worls Trade Tower, Plot No.1, Block -C _bNoida (UP) _e201301 |
||
| 300 |
_axxx,525p. _c25cm.(pbk) _bill. |
||
| 500 | _aIt includes Appendix, glossary, references name Index and subject index | ||
| 942 |
_2ddc _cEN _h370.15 _mSLA |
||